000 00657nam a2200181Ia 4500
008 090123s9999 xx 000 0 und d
082 _b18476
100 _aभोगले शांताराम
245 _aभारतीय राजकीय व्यवस्था
250 _a1
260 _bअनुपम प्रकाशन
_c1988
300 _a140
600 _aभोगले शांताराम
630 _aभारतीय राजकीय व्यवस्था
700 _aभोगले शांताराम
730 _aभारतीय राजकीय व्यवस्था
942 _cBOOK
999 _c56539
_d56539